| 000 | 01083nam a22002417a 4500 | ||
|---|---|---|---|
| 005 | 20231010132753.0 | ||
| 008 | 160303b mx ||||| |||| 00| 0 spa d | ||
| 020 | _a 9786074484946 | ||
| 050 | 0 | 4 |
_aR726.5 _bC36 2015 |
| 100 | 1 |
_aCamacho Gutiérrez, Everardo José, _eautor |
|
| 245 | 1 | 0 |
_aAlternativas psicológicas de intervención en problemas de salud _c/ Everardo José Camacho Gutiérrez, Sergio Galán Cuevas ; editor responsable Santiago Viveros Fuentes. |
| 250 | _a1a ed. | ||
| 260 |
_aSan Luis Potosi, S.L.P. ; _aGuadalajara, Jalisco : _bUniversidad Autónoma de San Luis Potosí, Facultad de Psicología : _bUniversidad de Guadalajara : _bEl Manual Moderno, _c2015. |
||
| 300 |
_axxiii, 287 p. ; _c23 cm. |
||
| 504 | _aIncluye bibliografía e índice. | ||
| 650 | 7 |
_2lemb _aEnfermos _xPsicología |
|
| 650 | 4 | _aMedicina y psicología | |
| 650 | 7 |
_2lemb _aMedico y paciente _xAspectos psicológicos |
|
| 650 | 7 |
_2lemb _aPromoción de la salud |
|
| 700 | 1 |
_aGalán Cuevas, Sergio, _eautor |
|
| 700 | 1 |
_aViveros Fuentes, Santiago, _eeditor |
|
| 942 |
_2lcc _cLIB |
||
| 999 |
_c114175 _d114175 |
||